Philippines quiz - Statistics

General Stats
  • This quiz has been taken 75 times
  • The average score is 6 of 15
Answer Stats
Small Hint Fact Answer % Correct
I'm sure you know this The capital Manila
100%
1/3 of a country The Largest Island Luzon
87%
There are two Official language English/Filipino
80%
Sweet hills The ________hills Chocolate
64%
He died at 2019 The richest Filipino in history was Henry Sy
59%
nearly 3000 meters just 3 letters The highest mountain Apo
52%
On what island? Where is the China town? Luzon
41%
More than 10 million The population of the capital (in millions) 2/14
34%
one short word When the Filipo flag changes? At____ war
33%
like spain The main religion is Christianity
31%
not a dimond The filipino fisherman founded: pearl
26%
One of the largest in the world (area) The largest city on Mandano island Davao City
23%
Not Sulu sea The island Mindano borders with what sea? Celebes sea
11%
starting with Grand The highest hotel is Grand Hyatt Manila
5%
Ending with City Where are the largest shoes in the word? Markina City
0%
No matching quizzes found
Score Distribution
Percent of People with Each Score
Percentile by Number Answered
Your Score History
You have not taken this quiz